Consequences of labour imigration and migration management
Problematika dôsledkov pracovnej migrácie a jej riadenia na strane krajiny ktore cieľom je maximalizovať jej výhody a minimalizovať straty v dôsledku pracovnej imigrácie.
Salvato in:
| Autore principale: | |
|---|---|
| Natura: | Capitolo di libro |
| Lingua: | inglese |
| Soggetti: | |
| Tags: |
Nessun Tag, puoi essere il primo ad aggiungerne!!
|
MARC
| LEADER | 00000naa a2200000 4500 | ||
|---|---|---|---|
| 001 | 0233574 | ||
| 005 | 20220718121351.8 | ||
| 041 | 0 | |a eng | |
| 044 | |a SK | ||
| 245 | 1 | 0 | |a Consequences of labour imigration and migration management |c Magdaléna Tupá |
| 520 | |a Problematika dôsledkov pracovnej migrácie a jej riadenia na strane krajiny ktore cieľom je maximalizovať jej výhody a minimalizovať straty v dôsledku pracovnej imigrácie. | ||
| 610 | 2 | 0 | |a Slovensko |
| 610 | 2 | 0 | |a trh práce |
| 610 | 2 | 0 | |a migrácia |
| 610 | 2 | 0 | |a politika hospodárska |
| 610 | 2 | 0 | |a manažment |
| 610 | 2 | 0 | |a politika sociálna |
| 100 | 1 | |a Tupá, Magdaléna | |